| 000 | 00443 a2200157 4500 | ||
|---|---|---|---|
| 999 |
_c6193 _d6193 |
||
| 020 | _a177903105x | ||
| 050 | _aGE 105 WIT 2001 | ||
| 100 |
_aWitt, Sylivia _eauthor |
||
| 245 |
_aStep in environmental science: _bgrade 2 pupils' book/ _cSylvia Witt & David Witt |
||
| 264 |
_aHarare: _bLongman _c2001 |
||
| 300 |
_a96p.: _bill.(col.) |
||
| 500 | _aText | ||
| 650 | _aEnvironmental science | ||
| 700 | _aDavid Witt | ||
| 942 |
_2lcc _cBK _h105 _iWIT _kGE |
||